000 00572nam a22001697a 4500
008 160819b xxu||||| |||| 00| 0 eng d
020 _a9715504396
082 _22003
_aDFil 959.9031
_bC89
100 _913257
_aCullinane, Michael
245 _aIlustrado politics:
_bFilipino elite responses to American rule, 1898-1908/
_cMichael Cullinane
260 _aQuezon City:
_bADMU Press,
_cc2003.
300 _a466 pages:
_c23 cm.
500 _aIncludes references and index.
650 0 _913258
_aHistory
_xAmerican Rule
_zPhilippines
365 _b594.00
_cPhp.
942 _2ddc
_cDFIL
999 _c3962
_d3962